logo

Bir Sreshtho Munshi Abdur Rouf Library
Jhenaidah Cadet College

নখ / (Record no. 523)

MARC details
000 -LEADER
fixed length control field 00713nam a2200229 a 4500
001 - CONTROL NUMBER
JCCL Control Number 523
003 - CONTROL NUMBER IDENTIFIER
JCCL marc code BD-JhCC
005 - DATE AND TIME OF LATEST TRANSACTION
control field 20171005203250.0
008 - FIXED-LENGTH DATA ELEMENTS--GENERAL INFORMATION
fixed length control field 171005s2009 bg |||| |||| 000 0 ben d
020 ## - INTERNATIONAL STANDARD BOOK NUMBER
International Standard Book Number 9847015601058
035 ## - SYSTEM CONTROL NUMBER
system control number (BD-JhCC)523
040 ## - CATALOGING SOURCE
Original cataloging agency BD-JhCC
Modifying agency BD-JhCC
041 ## - LANGUAGE CODE
Language code of Book ben
082 ## - DEWEY DECIMAL CLASSIFICATION NUMBER
Classification number 891.443
Author mark and Year HAQ 2009
100 ## - MAIN ENTRY--PERSONAL NAME
Personal name হক, আনোয়ারা সৈয়দ
245 ## - TITLE STATEMENT
Title নখ /
Statement of responsibility, etc আনোয়ারা সৈয়দ হক
260 ## - PUBLICATION, DISTRIBUTION, ETC. (IMPRINT)
Place of publication, distribution, etc ঢাকা;
Name of publisher, distributor, etc মাওলা ব্রাদার্স,
Date of publication, distribution, etc ২০০৯
300 ## - PHYSICAL DESCRIPTION
Pagination ২৯৫ পৃ.;
Dimensions ২২ সে. মি.
650 ## - SUBJECT ADDED ENTRY--TOPICAL TERM
Topical term or geographic name as entry element Bengali Novel
942 ## - ADDED ENTRY ELEMENTS (KOHA)
Source of classification or shelving scheme Dewey Decimal Classification
Koha item type Books
Holdings
Source of classification or shelving scheme Damaged status Not for loan Home library Current library Shelving location Date of accession Source of acquisition Cost, normal purchase price Total Checkouts Full call number Barcode Date last seen Date checked out Copy number Koha item type
Dewey Decimal Classification     JCC Rouf Library JCC Rouf Library General Stacks 10/05/2017 Zahedee Foundation 350.00 2 891.443 HAQ 2009 1257 07/03/2025 06/26/2025 C-1 Books
Dewey Decimal Classification     JCC Rouf Library JCC Rouf Library General Stacks 10/24/2017   350.00 2 891.443 HAQ 2009 2596 01/31/2024 01/22/2024 C-2 Books

JCC Library | Contacts | JCC Home

Last Update on 23 September 2017
Copyright @ 2017-2020 JCC Rouf Library
Rouf Library, Jhenidah Cadet College (JCC), Bangladesh